| 000 | 01478cam a22003371i 4500 | ||
|---|---|---|---|
| 003 | SA-RiAUC | ||
| 005 | 20240922144521.0 | ||
| 008 | 240919s1980 mk g f00000 ara c | ||
| 040 |
_aSA-RiAUC _bara _cSA-RiAUC _erda |
||
| 043 |
_aa-ye--- _aa-su--- |
||
| 050 | 4 | _bS26 1980 | |
| 082 | 0 | 4 |
_a248.2 _qSA-RiAUC |
| 090 |
_a248.2 _bس ي ا |
||
| 100 | 1 |
_aالسيابي، سالم بن حمود بن شامس، _d1908-1991 _eمؤلف. |
|
| 245 | 1 | 2 |
_aالحقيقة والمجاز في تاريخ الإباضية باليمن والحجاز / _cتأليف سالم بن حمود بن شامس السيابي. |
| 250 | _aالطبعة الأولى. | ||
| 264 | 1 |
_aمسقط : _bوزارة التراث القومي والثقافة، _c1980 |
|
| 300 |
_a154 صفحة ؛ _c24 سم. |
||
| 336 |
_aنص _btxt _2rdacontent _3كتاب |
||
| 337 |
_aبدون وسيط _bn _2rdamedia |
||
| 338 |
_aمجلد _bnc _2rdacarrier |
||
| 490 | 1 | _aتراثنا | |
| 590 | _aزكي / المقرشي. | ||
| 650 | 7 |
_aالفرق الإسلامية _2aucsh |
|
| 650 | 7 |
_aالأباضية (فرقة إسلامية) _xتاريخ _2aucsh |
|
| 650 | 7 |
_aالأباضية (فرقة إسلامية) _zاليمن _2aucsh |
|
| 650 | 7 |
_aالأباضية (فرقة إسلامية) _zالسعودية _zالحجاز _2aucsh |
|
| 830 | 0 | _aتراثنا (عمان (سلطنة). وزارة التراث القومي والثقافة) | |
| 942 |
_2ddc _cBOOK _n0 |
||
| 949 |
_aSA-JeALM _d240919 _umohamedma123 _n1 |
||
| 999 |
_c482 _d482 |
||